| 000 -LEADER |
| fixed length control field |
00731cam a22002294a 4500 |
| 001 - CONTROL NUMBER |
| control field |
15748348 |
| 005 - DATE AND TIME OF LATEST TRANSACTION |
| control field |
20180202070710.0 |
| 008 - FIXED-LENGTH DATA ELEMENTS--GENERAL INFORMATION |
| fixed length control field |
090522s2009 kyua s001 0 eng |
| 010 ## - LIBRARY OF CONGRESS CONTROL NUMBER |
| LC control number |
2009020810 |
| 020 ## - INTERNATIONAL STANDARD BOOK NUMBER |
| International Standard Book Number |
9780813125572 (hardcover : alk. paper) |
| 040 ## - CATALOGING SOURCE |
| Original cataloging agency |
DLC |
| Transcribing agency |
DLC |
| Modifying agency |
DLC |
| 041 ## - LANGUAGE CODE |
| Language code of text/sound track or separate title |
eng |
| 043 ## - GEOGRAPHIC AREA CODE |
| Geographic area code |
n-us-ky |
| 080 ## - UNIVERSAL DECIMAL CLASSIFICATION NUMBER |
| Universal Decimal Classification number |
811..540809769 JEF |
| 082 00 - DEWEY DECIMAL CLASSIFICATION NUMBER |
| Classification number |
811..540809769 JEF |
| Edition number |
22 |
| 100 ## - Rafti |
| Rafti |
22 |
| 101 ## - Shkurtesa |
| Shkurtesa |
GJU |
| 245 00 - TITLE STATEMENT |
| Title |
What comes down to us : |
| Statement of responsibility, etc |
edited by Jeff Worley ; foreword by Ed McClanahan. |
| 906 ## - LOCAL DATA ELEMENT F, LDF (RLIN) |
| a |
7 |
| b |
cbc |
| c |
orignew |
| d |
1 |
| e |
ecip |
| f |
20 |
| g |
y-gencatlg |
| 942 ## - ADDED ENTRY ELEMENTS (KOHA) |
| Source of classification or shelving scheme |
|
| Item type |
Books |